000 00902nam a22002897a 4500
003 CHAP
005 20220329134757.0
008 971013s1987 r 00010 d
010 _a25728
011 _a26700
035 _a30801
040 _cCHAP
090 _aFolleto 11687
110 _aInstituto Superior de Ciencias Agropecuarias de la Habana
_959441
245 _aResúmenes
_b: documentos no publicados
260 _aLa Habana :
_bEl Instituto,
_c1987
300 _av
500 _aLa biblioteca tiene: v.1, 1987
590 _aBATCH-UPD
_b10
_c20130110
_lUCH01
_h2018
590 _aBATCH-UPD
_b10
_c20130410
_lUCH01
_h1336
590 _aCONVERSION
_b10
_c20130109
_lUCH01
_h1315
650 1 4 _aAgricultura
_xBibliografia.
_91321
650 1 4 _aAgricultura
_xInvestigacion
_xCuba.
_91609
901 _aBK
942 _cFOLL
949 _aFolleto 11687
_bBC
_cFOLL
_d-71285
_eTS1
_fv.1 1987
_i30801
_mD
_si
999 _c25728
_d25728